000 01202cam a2200301 a 4500
999 _c329104
_d329104
001 14141808
003 Nust
005 20170424120653.0
008 051015s2005 nyu 000 0 eng
010 _a 2005054693
020 _a0670034592
040 _aDLC
_cDLC
_dDLC
043 _au-at---
050 0 0 _aPR9369.3.C58
_bS56 2005
082 0 0 _a823.914 COE
_222
100 1 _aCoetzee, J. M.,
_d1940-
245 1 0 _aSlow man /
_cJ.M. Coetzee.
260 _aNew York :
_bViking,
_cc2005.
300 _a265 p. ;
_c22 cm.
650 0 _aAmputees
_vFiction.
650 0 _aNurse and patient
_vFiction.
650 0 _aWomen novelists
_vFiction.
651 0 _aAustralia
_vFiction.
655 7 _aDidactic fiction.
_2gsafd
856 4 2 _3Contributor biographical information
_uhttp://www.loc.gov/catdir/enhancements/fy0719/2005054693-b.html
856 4 2 _3Publisher description
_uhttp://www.loc.gov/catdir/enhancements/fy0719/2005054693-d.html
906 _a7
_bcbc
_corignew
_d1
_eocip
_f20
_gy-gencatlg
942 _2ddc
_cBK